000 00548nam a2200169 a 4500
001 000033596
005 20200930070356.0
008 110901s1993 dr 000 0 spa d
040 _aDO-SdBNP
_bspa
_cBNPHU
100 1 _aAbreu Mejía, Rafael
_924336
245 1 0 _aHai Q Ram :
_bla poesía el servicio de la comunicación espiritual /
_cRafael Abreu Mejía.
260 _a[Santo Domingo]:,
_c1993.
300 _a26 p. ;
_c23 cm.
490 1 _aCuadernos populares de poesía
_v3
830 0 _aCuadernos populares de poesía
_v3
_924337
049 _aBNPD
999 _c33087
_d33087